[Event "IECC Swiss email"]
[Site "IECC email"]
[Date "2003.06.19"]
[Round "?"]
[White "Mecke, Thomas"]
[Black "Magalhaes, Joao Flavio"]
[Result "1-0"]
[WhiteElo "1106"]
[BlackElo "1437"]
[PlyCount "63"]
[EventDate "2003.??.??"]
[EventType "tourn (corr)"]
[EventRounds "6"]
[SourceTitle "Corr 2008"]
[Source "ChessBase"]
[SourceDate "2008.06.24"]
[SourceVersion "1"]
[SourceVersionDate "2008.06.24"]
[SourceQuality "1"]

1. e4 c5 2. Nc3 Nc6 3. g3 Nf6 4. Bg2 e5 5. d3 Nd4 6. Nd5 Nxd5 7. exd5 d6 8. c3 Nb5 9. Nh3 Be7 10. 0-0 0-0 11. f4 f6 12. Nf2 Bf5 13. Be4 Bd7 14. f5 Qa5 15. Be3 Rac8 16. Re1 Bd8 17. a3 Re8 18. Bd2 Qb6 19. b3 Be7 20. a4 Nc7 21. a5 Qa6 22. Qh5 b5 23. g4 Qb7 24. g5 fxg5 25. Ng4 Bf6 26. Bxg5 Re7 27. Nxf6+ gxf6 28. Bxf6 Rf7 29. Qg5+ Kf8 30. Re3 Bxf5 31. Rg3 Bg6 32. Bxg6 1-0

[Event "IECC KO email"]
[Site "IECC email"]
[Date "2002.05.07"]
[Round "?"]
[White "Benum, Sharon"]
[Black "Mecke, Thomas"]
[Result "0-1"]
[WhiteElo "1058"]
[BlackElo "1036"]
[PlyCount "26"]
[EventDate "2002.??.??"]
[EventType "tourn (corr)"]
[EventRounds "6"]
[SourceTitle "Corr 2008"]
[Source "ChessBase"]
[SourceDate "2008.06.24"]
[SourceVersion "1"]
[SourceVersionDate "2008.06.24"]
[SourceQuality "1"]

1. d4 Nf6 2. c4 e5 3. d5 Bc5 4. Nf3 d6 5. Bg5 Bxf2+ 6. Kxf2 Ne4+ 7. Ke3 Nxg5 8. Qa4+ Bd7 9. Qb4 Na6 10. Qxb7 Nc5 11. Qb4 Rb8 12. Qd2 Qf6 13. Kf2 Nge4+ 0-1

[Event "IECC KO email"]
[Site "IECC email"]
[Date "2001.09.23"]
[Round "?"]
[White "Maidana, Edgardo R"]
[Black "Mecke, Thomas"]
[Result "0-1"]
[WhiteElo "885"]
[BlackElo "1026"]
[PlyCount "42"]
[EventDate "2001.??.??"]
[EventType "tourn (corr)"]
[EventRounds "6"]
[SourceTitle "Corr 2008"]
[Source "ChessBase"]
[SourceDate "2008.06.24"]
[SourceVersion "1"]
[SourceVersionDate "2008.06.24"]
[SourceQuality "1"]

1. e4 e5 2. Nf3 Nf6 3. Nxe5 d6 4. Nc4 Nxe4 5. d3 Nf6 6. Be2 d5 7. Ne5 Bd6 8. Bf4 d4 9. Nd2 Nbd7 10. Ndc4 Nd5 11. Qd2 Bb4 12. c3 dxc3 13. bxc3 Bxc3 14. Qxc3 Nxc3 15. 0-0 Nxe2+ 16. Kh1 Nxf4 17. g3 Nxe5 18. Nxe5 Ne2 19. Rfd1 Qd5+ 20. f3 Bg4 21. Nxg4 Qxf3# 0-1

[Event "IECC KO email"]
[Site "IECC email"]
[Date "2001.09.23"]
[Round "?"]
[White "Mecke, Thomas"]
[Black "Maidana, Edgardo R"]
[Result "1-0"]
[WhiteElo "1016"]
[BlackElo "895"]
[PlyCount "23"]
[EventDate "2001.??.??"]
[EventType "tourn (corr)"]
[EventRounds "6"]
[SourceTitle "Corr 2008"]
[Source "ChessBase"]
[SourceDate "2008.06.24"]
[SourceVersion "1"]
[SourceVersionDate "2008.06.24"]
[SourceQuality "1"]

1. e4 e5 2. Nf3 Nc6 3. Bb5 Nf6 4. 0-0 Bd6 5. d4 Nxd4 6. Nxd4 Nxe4 7. Re1 c6 8. Rxe4 cxb5 9. Nf5 Qf6 10. Nxd6+ Kf8 11. Bf4 Qe7 12. Rxe5 1-0